Argentina - Sudden Death - Statistics

General Stats
  • This quiz has been taken 308 times
    273 since last reset
  • The average score is 4 of 10
Answers on the Grid
Answers color-coded by a green-red scale on the quiz's grid according to % correct below.
Administers the Falkland Islands
Birth country of Messi
Borders Peru
Borders Uruguay
Capital city is Buenos Aires
Completely controls Patagonia
Currency is the guaraní
Has highest mountain in the Andes
Has largest mosque in South America
Has most populous city in Southern Hemisphere
Has never had a female president
Has southernmost city in the world
Has world's largest freshwater lake
Has world's largest waterfalls
Largest country in South America
Made the first animated feature film
Named after a metal
National sport is football (soccer)
Tango originated here
Where gauchos orginated
 
Answer Stats
Answer % Correct
Birth country of Messi
88%
Capital city is Buenos Aires
81%
Borders Uruguay
70%
Has highest mountain in the Andes
37%
Tango originated here
24%
Where gauchos orginated
23%
Named after a metal
22%
Has largest mosque in South America
10%
Made the first animated feature film
4%
Has world's largest waterfalls
3%
No matching quizzes found
Score Distribution
Percent of People with Each Score
Percentile by Number Answered
Your Score History
You have not taken this quiz since the last reset